| 000 | 00627nam a2200205Ia 4500 | ||
|---|---|---|---|
| 003 | BUBTL | ||
| 008 | 151213s9999 xx 000 0 und d | ||
| 020 | _a0201564009 | ||
| 082 | _a337.142/ Q33m/ 1991 | ||
| 100 |
_aJ.A.Queleh & R.D.Buzzell _93213 |
||
| 245 |
_aThe Marketing Challenge of Europe -1992: _cJ.A.Queleh & R.D.Buzzell |
||
| 260 |
_aReading Masetl _bAddisean Wesly _cc1991 |
||
| 300 |
_a[ix] ,422p . : _bill . ; 23cm. |
||
| 500 | _aIncludes Index | ||
| 650 |
_aMarketing _93214 |
||
| 700 |
_aJ.A.Queleh & R.D.Buzzell _93213 |
||
| 856 |
_k0 _l0 _yDownload |
||
| 942 |
_2ddc _cBK |
||
| 999 |
_c1931 _d1931 |
||